Statistics for "Australian" Birds

Click here to take the quiz!

General Stats

  • This quiz has been taken 4 times
  • The average score is 5 of 22

Answer Stats

Australian...% Correct
Magpie
100%
Pelican
100%
Raven
75%
White Ibis
50%
Brush-turkey
25%
Bustard
25%
Pipit
25%
Pratincole
25%
Reed Warbler
25%
Hobby
0%
King-Parrot
0%
Little Bittern
0%
Logrunner
0%
Masked-Owl
0%
Owlet-nightjar
0%
Painted-snipe
0%
Pied Oystercatcher
0%
Ringneck
0%
Shelduck
0%
Spotted Crake
0%
Swiftlet
0%
Wood Duck
0%

Score Distribution

Percentile by Number Answered

Percent of People with Each Score

Your Score History

You have not taken this quiz